000 00720nam a2200229 a 4500
001 BRCA_7894
005 20190320210036.0
008 070214s1958----u--a######---#000-0#eng-#
041 _aeng
044 _au
050 4 _aND813.D3
_b.M67 1958
100 1 _aMorse, A. Reynolds
_919521
245 1 0 _aDali
_ba study of his life and work
_ctext by A. Reynolds Morse and a special appreciation by Michel Tapie.
260 _aGreenwich, Conn.
_bNew York Graphic Society
_c1958
300 _a96 p.
_bil. (algunas a color), 113 láminas
_c35 cm.
500 _aY168
600 1 4 _aDalí, Salvador
_d1904-1989
_919522
650 1 4 _aPintores españoles
_97620
700 1 _aTapie, Michel
_919523
902 _aGFM
942 _2lcc
_cB
999 _c7566
_d7566